Library of the University of Algiers 3
Ibrahim Sultan Cheibout
شعار جامعة الجزائر 3
مكتبة جامعة الجزائر 3
إبراهيم سلطان شيبوط

الطعن في حكم الافلاس : (رقم التسجيلة. 42771)

تفاصيل مارك
000 -LEADER
fixed length control field 01804nam a2200241Ia 4500
003 - CONTROL NUMBER IDENTIFIER
control field Ost
005 - DATE AND TIME OF LATEST TRANSACTION
control field 20260507075059.0
008 - FIXED-LENGTH DATA ELEMENTS--GENERAL INFORMATION
fixed length control field 260507s9999||||xx |||||||||||||| ||und||
020 ## - INTERNATIONAL STANDARD BOOK NUMBER
International Standard Book Number 1105328977
040 ## - CATALOGING SOURCE
Transcribing agency fsecg
041 ## - LANGUAGE CODE
Language code of text/sound track or separate title ara
082 ## - DEWEY DECIMAL CLASSIFICATION NUMBER
Classification number 346.078
100 ## - MAIN ENTRY--PERSONAL NAME
Personal name دويدار، طلعت محمد
Relator term مؤلف
245 #0 - TITLE STATEMENT
Title الطعن في حكم الافلاس :
Remainder of title دراسة تأصيلية تحليلية في الإعتراض على حكم الافلاس واستئنافه على ضوء الاتجاهات الحديثة في قانون التجارة الجديد رقم 17لسنة 1999 /
Statement of responsibility, etc. طلعت محمد دويدار
260 ## - PUBLICATION, DISTRIBUTION, ETC.
Place of publication, distribution, etc. الاسكندرية:
Name of publisher, distributor, etc. دار الجامعة الجديدة,
Date of publication, distribution, etc. 2003
300 ## - PHYSICAL DESCRIPTION
Extent 204 صفحة؛
Dimensions 24 سم
490 ## - SERIES STATEMENT
Series statement المكتبة القانونية
504 ## - BIBLIOGRAPHY, ETC. NOTE
Bibliography, etc. note ببليوغرافيا ص.187
520 ## - SUMMARY, ETC.
Summary, etc. تأصيل أهم إشكاليات البحث،الاتجاهات الحديثة في التنظيم الاجرائي للإفلاس،الطبيعة الفنية لحكم الافلاس،الطبيعة الفنية لاعتراض الغير على حكم الافلاس،الخصوم في الطعن في حكم الافلاس،ثبوت حق الطعنفي حكم الافلاس لأطراف خصومة الافلاس،مفهوم الغير صاحب الصفة في الاعتراض على حكم الافلاس،شكل الطعن في حكم الافلاس،المحكمة المختصة باعتراض الغير على حكم الافلاس،مواعيد الطعن في حكم الافلاس،طريقة رفع الاعتراض الغير في حكم الافلاس،محل الطعن وآثاره، محل الطعن
653 ## - INDEX TERM--UNCONTROLLED
Uncontrolled term الافلاس
653 ## - INDEX TERM--UNCONTROLLED
Uncontrolled term الإفلاس - قوانين وتشريعات
942 ## - ADDED ENTRY ELEMENTS (KOHA)
Koha item type كتب
المقتنيات
Withdrawn status Lost status Source of classification or shelving scheme Damaged status Not for loan Home library Current library Date acquired Serial enumeration / chronology Inventory number Total checkouts Full call number Barcode Date last seen Price effective from Koha item type
    Dewey Decimal Classification   NOT LOAN / إعارة داخلية مكتبة كلية العلوم الإقتصادية والعلوم التجارية وعلوم التسيير مكتبة كلية العلوم الإقتصادية والعلوم التجارية وعلوم التسيير 07/05/2026 الطابق الأرضي 1055/1   أ/1055ن1 1055/1 07/05/2026 07/05/2026 كتب
    Dewey Decimal Classification   Available مكتبة كلية العلوم الإقتصادية والعلوم التجارية وعلوم التسيير مكتبة كلية العلوم الإقتصادية والعلوم التجارية وعلوم التسيير 07/05/2026 الطابق الأرضي 1055/2   أ/1055ن2 1055/2 07/05/2026 07/05/2026 كتب
    Dewey Decimal Classification   Available مكتبة كلية العلوم الإقتصادية والعلوم التجارية وعلوم التسيير مكتبة كلية العلوم الإقتصادية والعلوم التجارية وعلوم التسيير 07/05/2026 الطابق الثاني 1055/3   أ/1055ن3 1055/3 07/05/2026 07/05/2026 كتب
    Dewey Decimal Classification   Available مكتبة كلية العلوم الإقتصادية والعلوم التجارية وعلوم التسيير مكتبة كلية العلوم الإقتصادية والعلوم التجارية وعلوم التسيير 07/05/2026 الطابق الثاني 1055/4   أ/1055ن4 1055/4 07/05/2026 07/05/2026 كتب

موارد الويب المفتوحة


© University of Algiers 3 All Rights Reserved
|
Implemented by LECHELAH Riad